Green value (Record no. 104739)
[ view plain ]
| 000 -LEADER | |
|---|---|
| fixed length control field | 01578cad a2200289 4500 |
| 001 - CONTROL NUMBER | |
| control field | ##L131391 |
| 008 - FIXED-LENGTH DATA ELEMENTS--GENERAL INFORMATION | |
| fixed length control field | 050727n2005 000 0 eng u |
| 035 ## - SYSTEM CONTROL NUMBER | |
| System control number | (Sirsi) u131391 |
| 041 0# - LANGUAGE CODE | |
| Language code of text/sound track or separate title | eng |
| 050 04 - LIBRARY OF CONGRESS CALL NUMBER | |
| Classification number | 333.33 $2 18 |
| 110 2# - MAIN ENTRY--CORPORATE NAME | |
| Corporate name or jurisdiction name as entry element | BC Hydro |
| 9 (RLIN) | 4781 |
| 245 00 - TITLE STATEMENT | |
| Title | Green value |
| Remainder of title | green buildings, growing assets |
| 260 ## - PUBLICATION, DISTRIBUTION, ETC. | |
| Place of publication, distribution, etc. | London |
| Name of publisher, distributor, etc. | RICS |
| Date of publication, distribution, etc. | 2005 |
| 520 ## - SUMMARY, ETC. | |
| Summary, etc. | Presents research from Canada, the United States and the United Kingdom based on case-study interviews, supported by a review of best practice and existing publications, arguing that a link is beginning to emerge between the market value of a building and its green features and related performance. Suggests that a link between market value and green practices is now evident, the nature of which will become clearer as the industry works to quantify the financial and non-financial benefits of green buildings. |
| 590 ## - LOCAL NOTE (RLIN) | |
| Local note | IKA081105 |
| 690 ## - LOCAL SUBJECT ADDED ENTRY--TOPICAL TERM (OCLC, RLIN) | |
| Topical term or geographic name as entry element | PROPERTY-PROPERTY DEVELOPMENT-SUSTAINABLE PROPERTY DEVELOPMENT |
| 710 1# - ADDED ENTRY--CORPORATE NAME | |
| Corporate name or jurisdiction name as entry element | British Columbia |
| 710 2# - ADDED ENTRY--CORPORATE NAME | |
| Corporate name or jurisdiction name as entry element | English Partnerships |
| 9 (RLIN) | 1764 |
| 710 1# - ADDED ENTRY--CORPORATE NAME | |
| Corporate name or jurisdiction name as entry element | Greater Vancouver Regional District |
| 710 2# - ADDED ENTRY--CORPORATE NAME | |
| Corporate name or jurisdiction name as entry element | Green Buildings BC |
| 9 (RLIN) | 4782 |
| 710 2# - ADDED ENTRY--CORPORATE NAME | |
| Corporate name or jurisdiction name as entry element | Canada Green Building Council |
| 9 (RLIN) | 4783 |
| 710 2# - ADDED ENTRY--CORPORATE NAME | |
| Corporate name or jurisdiction name as entry element | Natural Resources Canada |
| 9 (RLIN) | 4784 |
| 710 2# - ADDED ENTRY--CORPORATE NAME | |
| Corporate name or jurisdiction name as entry element | Real Property Association of Canada |
| 9 (RLIN) | 4785 |
| 710 2# - ADDED ENTRY--CORPORATE NAME | |
| Corporate name or jurisdiction name as entry element | Royal Institution of Chartered Surveyors |
| Subordinate unit | Canada |
| 9 (RLIN) | 4786 |
| 856 40 - ELECTRONIC LOCATION AND ACCESS | |
| Uniform Resource Identifier | <a href="http://web.archive.org/web/20121228120732/https://www.bluewildernessgroup.com/index.php?action=display&cat=43&doc=greenvaluesreport_1.pdf">http://web.archive.org/web/20121228120732/https://www.bluewildernessgroup.com/index.php?action=display&cat=43&doc=greenvaluesreport_1.pdf</a> |
| Public note | View on the web archive here |
| 942 ## - ADDED ENTRY ELEMENTS (KOHA) | |
| Suppress in OPAC | 0 |
| Source of classification or shelving scheme | Dewey Decimal Classification |
| Withdrawn status | Lost status | Source of classification or shelving scheme | Damaged status | Not for loan | Home library | Current library | Shelving location | Date acquired | Total Checkouts | Full call number | Barcode | Date last seen | Copy number | Price effective from | Koha item type | Public note |
|---|---|---|---|---|---|---|---|---|---|---|---|---|---|---|---|---|
| Dewey Decimal Classification | Archives | Archives | RICS Boxes | 14/11/2023 | RICS 2005/58 | 14/11/2023 | 14/11/2023 | Book | Please contact [email protected] to request a digital copy | |||||||
| Dewey Decimal Classification | Virtual | Virtual | Online | 28/10/2005 | ONLINE PUBICATION | 131391-2001 | 06/08/2019 | 1 | 06/08/2019 | Online material |